Statistiken für Top 15 Länder mit Covid-19-Todesfällen - 1. Mai 2021

Klicken Sie hier um das Quiz zu spielen!

Allgemein

  • Dieses Quiz wurde 10 mal gespielt
  • Das Durchschnittsergebnis liegt bei 16 aus 24

Antwortstatistiken

Land% Korrekt
Deutschland
100%
Italien
100%
Spanien
100%
Vereinigte Staaten
100%
Brasilien
90%
Frankreich
90%
Indien
90%
Russland
80%
Vereinigtes Königreich
80%
Mexiko
70%
Argentinien
60%
Peru
60%
Polen
60%
Tschechien
60%
Iran
50%
Kolumbien
50%
Kroatien
50%
Ungarn
50%
Belgien
40%
Bosnien und Herzegowina
40%
Bulgarien
40%
Slowakei
40%
Slowenien
40%
Nordmazedonien
20%

Verteilung der Resultate

Perzentil nach korrekt beantworteten Fragen

Anzahl Personen mit jedem Resultat

Ihre Resultats-Entwicklung

Sie haben dieses Quiz noch nicht gespielt